Argentina vs France Starting Lineup - Statistics

General Stats
  • This quiz has been taken 32 times
  • The average score is 15 of 22
Answer Stats
Hint Answer % Correct
GK Martínez
100%
RW Messi
100%
LM Mbappé
89%
GK Lloris
86%
LW Di María
82%
ST Giroud
75%
CM Mac Allister
75%
CM De Paul
68%
CB Otamendi
68%
RM Dembélé
64%
CAM Griezmann
64%
ST Alvarez
61%
CB Varane
61%
LB Tagliafico
57%
LB Hernández
54%
RB Molina
54%
CB Romero
54%
CM Fernandez
50%
CM Rabiot
50%
CM Tchouaméni
50%
CB Upamecano
50%
RB Koundé
46%
No matching quizzes found
Score Distribution
Percent of People with Each Score
Percentile by Number Answered
Your Score History
You have not taken this quiz